000 01624nam0a2200397 4500
001 RU\NLR\BIBL_A\022709318
005 20260408150152.0
010 _a978-5-00114-532-5
_92000
021 _aRU
_bАЛ-П-25-01269и
_9АЛ-П-25-0240
035 _a(NLR Aleph) 022709318
090 _a13653400
_c13653400
100 _a20260126d2025 u y0rusy50 ca
101 1 _arus
_cfre
102 _aRU
105 _aa t 000ay
181 0 _ab3
_bab2e
181 0 _ai
_baxxe
182 0 _an
200 1 _aСтранный отель
_e[комикс
_eдля детей младшего школьного возраста]
_fКатрин и Флориан Феррье
_gперевод с французского Сергея Петрова
_gхудожник Катрин Феррье
203 _aИзображение
_aТекст
_bвизуальные
_cнепосредственные
210 _aМосква
_cБелая ворона
_d2025
215 _a90, [1] с.
_cцв. ил.
_d22
327 1 _aСодерж.: Дядюшка Весна потерялся; Песня Большого Бурча
333 _a0+
686 0 _aШ9(4Фр)60-4Феррье К.
686 0 _aШ9(4Фр)60-Феррье Ф.
686 0 _aЩ153(4Фр)65-475
700 1 _aФеррье
_bК.
_gКатрин
_3RU\NLR\AUTH\770291926
701 1 _aФеррье
_bФ.
_gФлориан
_3RU\NLR\AUTH\770291927
942 _cBOOK
980 _aNB